<?xml version="1.0" encoding="UTF-8"?>
<record
    xmlns:xsi="http://www.w3.org/2001/XMLSchema-instance"
    xsi:schemaLocation="http://www.loc.gov/MARC21/slim http://www.loc.gov/standards/marcxml/schema/MARC21slim.xsd"
    xmlns="http://www.loc.gov/MARC21/slim">

  <leader>00692nam a22001577a 4500</leader>
  <controlfield tag="003">OSt</controlfield>
  <controlfield tag="005">20151214105652.0</controlfield>
  <controlfield tag="008">151214b        xxu||||| |||| 00| 0 eng d</controlfield>
  <datafield tag="040" ind1=" " ind2=" ">
    <subfield code="c">RUA</subfield>
  </datafield>
  <datafield tag="082" ind1=" " ind2=" ">
    <subfield code="a">ATM MAK 2004 B214 Or.1</subfield>
  </datafield>
  <datafield tag="100" ind1=" " ind2=" ">
    <subfield code="9">4817</subfield>
    <subfield code="a">MAK, YUTHENEA.</subfield>
  </datafield>
  <datafield tag="245" ind1=" " ind2=" ">
    <subfield code="a">study on househhold fattening pig in tbongkrapeu commune steungsen district kampongthong province (&#x179F;&#x17B7;&#x1780;&#x17D2;&#x179F;&#x17B6;&#x1780;&#x17B6;&#x179A;&#x1785;&#x17B7;&#x1789;&#x17D2;&#x1785;&#x17B9;&#x1798;&#x1787;&#x17D2;&#x179A;&#x17BC;&#x1780;&#x179F;&#x17B6;&#x1785;&#x17CB;&#x1787;&#x17B6;&#x179B;&#x1780;&#x17D2;&#x1781;&#x178E;&#x17C8;&#x1782;&#x17D2;&#x179A;&#x17BD;&#x179F;&#x17B6;&#x179A;&#x1793;&#x17C5;&#x1783;&#x17BB;&#x17C6;&#x1780;&#x17D2;&#x179A;&#x1796;&#x17BE; &#x179F;&#x17D2;&#x179A;&#x17BB;&#x1780;&#x179F;&#x17D2;&#x1791;&#x17B9;&#x1784;&#x179F;&#x17C2;&#x1793; &#x1781;&#x17C1;&#x178F;&#x17D2;&#x178F;&#x1780;&#x17C6;&#x1796;&#x1784;&#x17CB;&#x1792;&#x17C6;)</subfield>
  </datafield>
  <datafield tag="260" ind1=" " ind2=" ">
    <subfield code="a">Phnom Penh</subfield>
    <subfield code="b">RUA</subfield>
    <subfield code="c">2004</subfield>
  </datafield>
  <datafield tag="300" ind1=" " ind2=" ">
    <subfield code="a">vi, 41p.</subfield>
    <subfield code="b">ill.</subfield>
    <subfield code="c">29cm.</subfield>
  </datafield>
  <datafield tag="942" ind1=" " ind2=" ">
    <subfield code="2">ddc</subfield>
    <subfield code="c">ATM</subfield>
  </datafield>
  <datafield tag="999" ind1=" " ind2=" ">
    <subfield code="c">4483</subfield>
    <subfield code="d">4483</subfield>
  </datafield>
  <datafield tag="952" ind1=" " ind2=" ">
    <subfield code="0">0</subfield>
    <subfield code="1">0</subfield>
    <subfield code="2">ddc</subfield>
    <subfield code="4">0</subfield>
    <subfield code="6">ATM_MAK_2004_000000000000000_B214_OR_1</subfield>
    <subfield code="7">0</subfield>
    <subfield code="9">23291</subfield>
    <subfield code="a">LBB</subfield>
    <subfield code="b">LBB</subfield>
    <subfield code="c">B214</subfield>
    <subfield code="d">2015-12-14</subfield>
    <subfield code="o">ATM MAK 2004 B214 Or.1</subfield>
    <subfield code="p">RUA030972</subfield>
    <subfield code="r">2015-12-14</subfield>
    <subfield code="w">2015-12-14</subfield>
    <subfield code="y">ATM</subfield>
  </datafield>
  <datafield tag="952" ind1=" " ind2=" ">
    <subfield code="0">0</subfield>
    <subfield code="1">0</subfield>
    <subfield code="2">ddc</subfield>
    <subfield code="4">0</subfield>
    <subfield code="6">ATM_MAK_2004_000000000000000_B214_OR_2</subfield>
    <subfield code="7">0</subfield>
    <subfield code="9">23292</subfield>
    <subfield code="a">LBB</subfield>
    <subfield code="b">LBB</subfield>
    <subfield code="c">B214</subfield>
    <subfield code="d">2015-12-14</subfield>
    <subfield code="o">ATM MAK 2004 B214 Or.2</subfield>
    <subfield code="p">RUA033387</subfield>
    <subfield code="r">2015-12-14</subfield>
    <subfield code="w">2015-12-14</subfield>
    <subfield code="y">ATM</subfield>
  </datafield>
  <datafield tag="952" ind1=" " ind2=" ">
    <subfield code="0">0</subfield>
    <subfield code="1">0</subfield>
    <subfield code="2">ddc</subfield>
    <subfield code="4">0</subfield>
    <subfield code="6">ATM_MAK_2004_000000000000000_B214_OR_3</subfield>
    <subfield code="7">0</subfield>
    <subfield code="9">23293</subfield>
    <subfield code="a">LBB</subfield>
    <subfield code="b">LBB</subfield>
    <subfield code="c">B214</subfield>
    <subfield code="d">2015-12-14</subfield>
    <subfield code="o">ATM MAK 2004 B214 Or.3</subfield>
    <subfield code="p">RUA016549</subfield>
    <subfield code="r">2015-12-14</subfield>
    <subfield code="w">2015-12-14</subfield>
    <subfield code="y">ATM</subfield>
  </datafield>
  <datafield tag="952" ind1=" " ind2=" ">
    <subfield code="0">0</subfield>
    <subfield code="1">0</subfield>
    <subfield code="2">ddc</subfield>
    <subfield code="4">0</subfield>
    <subfield code="6">ATM_MAK_2004_000000000000000_B214_OR_4</subfield>
    <subfield code="7">0</subfield>
    <subfield code="9">23294</subfield>
    <subfield code="a">LBB</subfield>
    <subfield code="b">LBB</subfield>
    <subfield code="c">B214</subfield>
    <subfield code="d">2015-12-14</subfield>
    <subfield code="o">ATM MAK 2004 B214 Or.4</subfield>
    <subfield code="p">RUA016623</subfield>
    <subfield code="r">2015-12-14</subfield>
    <subfield code="w">2015-12-14</subfield>
    <subfield code="y">ATM</subfield>
  </datafield>
  <datafield tag="952" ind1=" " ind2=" ">
    <subfield code="0">0</subfield>
    <subfield code="1">0</subfield>
    <subfield code="2">ddc</subfield>
    <subfield code="4">0</subfield>
    <subfield code="6">ATM_MAK_2004_000000000000000_B214_OR_5</subfield>
    <subfield code="7">0</subfield>
    <subfield code="9">23295</subfield>
    <subfield code="a">LBB</subfield>
    <subfield code="b">LBB</subfield>
    <subfield code="c">B214</subfield>
    <subfield code="d">2015-12-14</subfield>
    <subfield code="o">ATM MAK 2004 B214 Or.5</subfield>
    <subfield code="p">RUA016622</subfield>
    <subfield code="r">2015-12-14</subfield>
    <subfield code="w">2015-12-14</subfield>
    <subfield code="y">ATM</subfield>
  </datafield>
  <datafield tag="952" ind1=" " ind2=" ">
    <subfield code="0">0</subfield>
    <subfield code="1">0</subfield>
    <subfield code="2">ddc</subfield>
    <subfield code="4">0</subfield>
    <subfield code="6">ATM_MAK_2004_000000000000000_B214_OR_6</subfield>
    <subfield code="7">0</subfield>
    <subfield code="9">23296</subfield>
    <subfield code="a">LBB</subfield>
    <subfield code="b">LBB</subfield>
    <subfield code="c">B214</subfield>
    <subfield code="d">2015-12-14</subfield>
    <subfield code="o">ATM MAK 2004 B214 Or.6</subfield>
    <subfield code="p">RUA016694</subfield>
    <subfield code="r">2015-12-14</subfield>
    <subfield code="w">2015-12-14</subfield>
    <subfield code="y">ATM</subfield>
  </datafield>
  <datafield tag="952" ind1=" " ind2=" ">
    <subfield code="0">0</subfield>
    <subfield code="1">0</subfield>
    <subfield code="2">ddc</subfield>
    <subfield code="4">0</subfield>
    <subfield code="6">ATM_MAK_2004_000000000000000_B214_OR_7</subfield>
    <subfield code="7">0</subfield>
    <subfield code="9">23297</subfield>
    <subfield code="a">LBB</subfield>
    <subfield code="b">LBB</subfield>
    <subfield code="c">B214</subfield>
    <subfield code="d">2015-12-14</subfield>
    <subfield code="o">ATM MAK 2004 B214 Or.7</subfield>
    <subfield code="p">RUA016551</subfield>
    <subfield code="r">2015-12-14</subfield>
    <subfield code="w">2015-12-14</subfield>
    <subfield code="y">ATM</subfield>
  </datafield>
  <datafield tag="952" ind1=" " ind2=" ">
    <subfield code="0">0</subfield>
    <subfield code="1">0</subfield>
    <subfield code="2">ddc</subfield>
    <subfield code="4">0</subfield>
    <subfield code="6">ATM_MAK_2004_000000000000000_B214_OR_8</subfield>
    <subfield code="7">0</subfield>
    <subfield code="9">23298</subfield>
    <subfield code="a">LBB</subfield>
    <subfield code="b">LBB</subfield>
    <subfield code="c">B214</subfield>
    <subfield code="d">2015-12-14</subfield>
    <subfield code="o">ATM MAK 2004 B214 Or.8</subfield>
    <subfield code="p">RUA016552</subfield>
    <subfield code="r">2015-12-14</subfield>
    <subfield code="w">2015-12-14</subfield>
    <subfield code="y">ATM</subfield>
  </datafield>
  <datafield tag="952" ind1=" " ind2=" ">
    <subfield code="0">0</subfield>
    <subfield code="1">0</subfield>
    <subfield code="2">ddc</subfield>
    <subfield code="4">0</subfield>
    <subfield code="6">ATM_MAK_2004_000000000000000_B214_OR_9</subfield>
    <subfield code="7">0</subfield>
    <subfield code="9">23299</subfield>
    <subfield code="a">LBB</subfield>
    <subfield code="b">LBB</subfield>
    <subfield code="c">B214</subfield>
    <subfield code="d">2015-12-14</subfield>
    <subfield code="o">ATM MAK 2004 B214 Or.9</subfield>
    <subfield code="p">RUA016697</subfield>
    <subfield code="r">2015-12-14</subfield>
    <subfield code="w">2015-12-14</subfield>
    <subfield code="y">ATM</subfield>
  </datafield>
  <datafield tag="952" ind1=" " ind2=" ">
    <subfield code="0">0</subfield>
    <subfield code="1">0</subfield>
    <subfield code="2">ddc</subfield>
    <subfield code="4">0</subfield>
    <subfield code="6">ATM_MAK_2004_000000000000000_B214_OR_10</subfield>
    <subfield code="7">0</subfield>
    <subfield code="9">23300</subfield>
    <subfield code="a">LBB</subfield>
    <subfield code="b">LBB</subfield>
    <subfield code="c">B214</subfield>
    <subfield code="d">2015-12-14</subfield>
    <subfield code="o">ATM MAK 2004 B214 Or.10</subfield>
    <subfield code="p">RUA016696</subfield>
    <subfield code="r">2015-12-14</subfield>
    <subfield code="w">2015-12-14</subfield>
    <subfield code="y">ATM</subfield>
  </datafield>
</record>
